Largest Cities in Africa Beginning With 'D' - Statistics

General Stats
  • This quiz has been taken 278 times
  • The average score is 7 of 15
Answer Stats
# Population Country Answer % Correct
2 4,200,000 Senegal Dakar
99%
1 6,000,000 Tanzania Dar es Salaam
99%
5 475,322 Djibouti Djibouti
99%
4 3,575,000 South Africa Durban
96%
3 3,650,000 Cameroon Douala
87%
12 213,636 Tanzania Dodoma
81%
6 343,000 Ethiopia Dire Dawa
34%
8 305,920 Egypt Damietta
21%
7 318,207 Egypt Damanhour
13%
11 245,360 Cote d'Ivoire Daloa
7%
10 265,833 Algeria Djelfa
7%
9 270,400 Ethiopia Dese
6%
15 157,017 Guinea Dubréka
3%
14 158,800 Ethiopia Dila
2%
13 177,604 Angola Dundo
1%
No matching quizzes found
Score Distribution
Percent of People with Each Score
Percentile by Number Answered
Your Score History
You have not taken this quiz